000 01452nam a2200349Ia 4500
001 ebr10355452
003 CaPaEBR
006 m u
007 cr cn|||||||||
008 090722s2009 pau sb 001 0 eng d
010 _z 2009028549
020 _z9789027224309 (hbk. : alk. paper)
020 _z9789027288929 (ebk.)
040 _aCaPaEBR
_cCaPaEBR
035 _a(OCoLC)712986727
050 1 4 _aP306.8.I5
_bD43 2009eb
245 0 0 _aDecentering translation studies
_h[electronic resource] :
_bIndia and beyond /
_cedited by Judy Wakabayashi, Rita Kothari.
260 _aPhiladelphia :
_bJohn Benjamins Pub. Co.,
_c2009.
300 _axi, 219 p.
490 1 _aBenjamins translation library ;
_v86
504 _aIncludes bibliographical references and index.
533 _aElectronic reproduction.
_bPalo Alto, Calif. :
_cebrary,
_d2011.
_nAvailable via World Wide Web.
_nAccess may be limited to ebrary affiliated libraries.
650 0 _aTranslating and interpreting
_zIndia
_xHistory.
650 0 _aIndic literature
_xTranslations
_xHistory and criticism.
651 0 _aIndia
_xLanguages
_xTranslating.
655 7 _aElectronic books.
_2local
700 1 _aWakabayashi, Judy.
700 1 _aKothari, Rita,
_d1969-
710 2 _aebrary, Inc.
830 0 _aBenjamins translation library ;
_v86.
856 4 0 _uhttp://site.ebrary.com/lib/rucke/Doc?id=10355452
_zAn electronic book accessible through the World Wide Web; click to view
999 _c107282
_d107282